| 000 | 00680nam a2200205 u 4500 | ||
|---|---|---|---|
| 005 | 20220622063646.0 | ||
| 008 | 150511s2011 mx r 000 0 spa d | ||
| 035 | _aUPN01000203369 | ||
| 049 | _aI | ||
| 050 | 4 |
_aPZ50.563 _bH3.9 |
|
| 100 | 1 |
_aHan, Tae-Hee, _d1962- _937745 |
|
| 245 | 1 | 3 |
_aUn zoológico en la palma de tu mano / _ctexto e il. Tae-Hee Han ; tr. Rosalba Michaca. |
| 260 |
_aMéxico : _bRandom House Mondadori, _cc2011. |
||
| 300 |
_a[33] p. : _bprincipalmente il. col. |
||
| 534 |
_pTitulo original: _tA zoo on the palm |
||
| 650 | 4 |
_aCUENTOS INFANTILES COREANOS _923559 |
|
| 650 | 0 |
_aAnimales _vCuentos y leyendas _9234 |
|
| 905 | _aInfantil | ||
| 999 |
_c175470 _d175470 |
||